000 00681nam a22002417a 4500
003 UA-OsUOA
001 110184
007 ta
008 20150224b un ||||| |||| 00| 0 ukr d
100 _aШинделевич Р. Л.
090 _a82-97
_bШ62
942 _cBK
040 _aUA-OsUOA
_brus
_cUA-OsUOA
_dUA-OsUOA
245 _aКрасота, которая привела меня к Богу
300 _a118 с.
955 _a2
041 _arus
080 _a82-97
020 _a978-83-88863-62-2
260 _aОстрог
_bВолання з Волині
_c2014
650 7 _a82 Література. Літературознавство
_2UDC
999 _c396710
_d396710